000
00316cam a2200133ua 4500
003
OSt
008
231116b |||||||| |||| 00| 0 eng d
041
_a
eng
082
_a
512
_b
TRI/ST
245
0
0
_a
Steel tables ( metric units)
260
_a
Trivandrum :
_b
The press ramser ,
_c
1979.
300
_a
20 ; .
942
_c
BK
999
_c
4582
_d
4582